banner-ar

الانسان ذو البعد الواحد / (Record no. 42548)

MARC details
000 -الفاتح
حقل البيانات ثابتة الطول 00563nam a2200193Ia 4500
005 - وقت وتاريخ اخر تعامل مع التسجيلة
رقم الضبط 20240530103808.0
008 - عناصر البيانات ثابتة الطول - معلومات عامة
حقل البيانات ثابتة الطول 140319s9999 xx 000 0 ara d
040 ## - مصدر الفهرسة
وكالة الفهرسة الأصلية GCL /
وكالة النسخ GCL
082 04 - رقم تصنيف ديوى العشرى
رقم التصنيف 191
رقم المادة م ا
100 1# - المدخل الرئيسى - إسم شخصى
الإسم الشخصى ماركوز ، هربارت
245 10 - بيان العنوان
العنوان الانسان ذو البعد الواحد /
بيان المسئوليه,etc ماركوز ، هربارت
300 ## - الوصف المادى
التعداد 271
490 ## - بيان السلسلة
عنوان السلسلة كتاب
رقم المجلد/ التعيين التسلسلي 0
650 04 - المدخل الاضافى بالموضوع-مصطلح موضوعى
مصطلح موضوعي الفلسفة العربية
650 04 - المدخل الاضافى بالموضوع-مصطلح موضوعى
مصطلح موضوعي الفلسفة الحديثة
700 1# - المدخل الاضافى - اسم شخصى
الإسم الشخصى جورج طرابيشى (مترجم)
942 ## - عناصر المدخل الإضافي( كوها)
مصدر التصنيف او مخطط الترفيف Dewey Decimal Classification
Koha [default] item type كتاب
Holdings
حالة التراجع حالة الفقد حالة تلف ليس للاعارة المكان المؤقت الموقع الحالى تاريخ الاكتساب اجمالي اﻻعارات رقم الطلب الباركود تاريخ اخر مشاهدة تاريخ تفعيل السعر نوع وعاء كوها مصدر التصنيف او خطة الترفيف موقع الترفيف
        مكتبة القاهرة الكبرى مكتبة القاهرة الكبرى 03/26/2014   191\م ا 102799 03/26/2014 03/26/2014 كتاب    
        مكتبة القاهرة الكبرى مكتبة القاهرة الكبرى 05/29/2018   191 م ا 164827 05/29/2018 05/29/2018 كتاب ddc القاعة الرئيسية
        مكتبة القاهرة الكبرى مكتبة القاهرة الكبرى 05/29/2018   191 م ا 164828 05/29/2018 05/29/2018 كتاب ddc القاعة الرئيسية

Powered By

EGPV